Μονοτάξια - διτάξια - τριτάξια : (ολιγοτάξια σχολεία)

Αποθηκεύτηκε σε:
Λεπτομέρειες βιβλιογραφικής εγγραφής
Κύριος συγγραφέας: Τσακίρης, Πασχάλης
Μορφή: Βιβλίο
Γλώσσα:Greek
Δημοσίευση: [Αθήνα;] : Καραβίας, 1962
Θέματα:
Ετικέτες: Προσθήκη ετικέτας
Δεν υπάρχουν, Καταχωρήστε ετικέτα πρώτοι!

MARC

LEADER 00000cam a2200000 i 4500
001 1/95549
008 081016s1962 gre d
035 |l 10100942 
040 |a GR-MY-UA  |b gre  |e aacr 
041 0 |a gre 
082 0 |a 372.125  |2 (22) 
100 1 |a Τσακίρης, Πασχάλης. 
245 1 0 |a Μονοτάξια - διτάξια - τριτάξια :  |b (ολιγοτάξια σχολεία) /  |c Πασχάλη Τσακίρη 
260 |a [Αθήνα;] :   |b Καραβίας,   |c 1962 
300 |a 245 σ.;  |c 18 εκ. 
500 |a Υπό του τίτλου: "Μελέτη παιδαγωγική-ψυχολογική-διδακτική" 
504 |a Περιλαμβάνει βιβλιογραφίες 
650 0 0 |a Education, Elementary  |z Greece. 
650 0 0 |a Teaching  |x Philosophy. 
650 0 0 |a Teaching  |x Methodology. 
650 0 0 |a Rural schools. 
852 |a INST  |b RHODES  |c AKA  |e 20081016  |h  372.125 ΤΣΑ  |p 005400031020  |q 005400031020  |t BK  |y 0 
901 |a BIBL4-2008-3 
909 |a Ρ  |b 153361 
970 |a ΧΑΡΙΟΠΟΛΙΤΟΥ  |b ΚΩΝΣΤΑΝΤΙΝΑ  |z 2008/10/16